000 01036nam a2200253 i 4500
001 159436
003 ES-MaACL
005 20231228063237.0
008 940202m18801881sp |||| | spa d
100 1 _aMenéndez y Pelayo, Marcelino,
_d1856-1912
_980332
245 1 0 _aHistoria de los heterodoxos españoles /
_cpor Marcelino Menéndez Pelayo.
260 _aMadrid :
_bLibreria Católica de San José,
_c1880-1881 (
_fImp. de F. Maroto e Hijos)
300 _a3 v. (802 ; 786 ; 891 p.) ;
_c23 cm.
530 _aDisponible en formato digital.
597 _aPort. a dos tintas y con grab. xil.
597 _aSignaturizados.
597 _aAnteps.
650 4 _aHerejías-
_zEspaña-
_vHistoria.
_9153684
650 4 _aProtestantes-
_zEspaña.
_9169548
651 4 _aEspaña-
_xReligión-
_vHistoria.
_9153685
852 _aES-MaACL
_jB-13111-13
_z- Enc. hol.
_q- El v. 3 falto de apéndices, índice y colofón
856 _uhttp://bdh-rd.bne.es/viewer.vm?id=0000227244&page=1
_zBiblioteca Digital Hispánica
999 _c159436
_d159436